000
00313nam a2200109Ia 4500
008
200302s9999 xx 000 0 und d
100
_a
Dr. B. C. Punmia and Others
245
_a
R. C. C. Designs Reinforced Concrete Structures 10 ed
260
_b
Lakshmi Publications Pvt. Ltd.
260
_c
2015
300
_a
1246 P.,
999
_c
4021
_d
4021